[Event "FIDE WSTC Open 50 2025"]
[Site "Prague"]
[Date "2025.02.26"]
[Round "9.38"]
[White "Zvara, Petr"]
[Black "Gacek, Waldemar"]
[Result "1-0"]
[Annotator "TA"]
[WhiteElo "2330"]
[BlackElo "2061"]
[PlyCount "75"]
[EventDate "2025.02.17"]
[EventType "team-tourn"]
[EventCountry "CZE"]
[SourceTitle "playchess.com"]
[Source "ChessBase"]
[SourceQuality "1"]

1. e4 c6 2. d4 d5 3. e5 Bf5 4. h4 h5 5. Bd3 Bxd3 6. Qxd3 Qa5+ 7. Nd2 e6 8. Ngf3 Nh6 9. O-O Nf5 10. Nb3 Qa6 11. Qd1 Nd7 12. Bg5 c5 13. c3 Rc8 14. Qd2 Be7 15. Bxe7 Kxe7 16. Rfe1 Kf8 17. c4 Qxc4 18. Rac1 Qb5 19. dxc5 g6 20. Nbd4 Nxd4 21. Nxd4 Qa4 22. b3 Qa6 23. b4 Qa4 24. Rb1 a6 25. Rb3 Kg7 26. Rf3 Rhf8 27. a3 Nb8 28. Qg5 Qd7 29. Rf6 Qe8 30. g4 Nd7 31. gxh5 Nxf6 32. exf6+ Kh7 33. hxg6+ fxg6 34. Rxe6 Rf7 35. Rxe8 Rxe8 36. Nf3 Ref8 37. Ne5 Rxf6 38. Nd7 1-0

[Event "FIDE WSTC Open 50 2025"]
[Site "Prague"]
[Date "2025.02.26"]
[Round "9.39"]
[White "Flis, Pawel"]
[Black "Konopka, Michal"]
[Result "0-1"]
[Annotator "TA"]
[WhiteElo "1966"]
[BlackElo "2326"]
[PlyCount "166"]
[EventDate "2025.02.17"]
[EventType "team-tourn"]
[EventCountry "CZE"]
[SourceTitle "playchess.com"]
[Source "ChessBase"]
[SourceQuality "1"]

1. e4 d5 2. exd5 Qxd5 3. Nf3 Nf6 4. d4 g6 5. c4 Qd8 6. Nc3 Bg7 7. Be2 O-O 8. O-O b6 9. Bf4 Bb7 10. Qd2 Nbd7 11. Rad1 e6 12. Bh6 Qe7 13. Rfe1 a6 14. Bxg7 Kxg7 15. Ne5 Rfd8 16. Qe3 c5 17. Nxd7 Rxd7 18. dxc5 Qxc5 19. Qxc5 bxc5 20. Rxd7 Nxd7 21. Rd1 Nf6 22. Rd6 Rc8 23. Kf1 Rc7 24. Bf3 Bc8 25. Rc6 Rxc6 26. Bxc6 Kf8 27. a3 Bd7 28. Bb7 a5 29. f3 Ke7 30. Ke2 Kd6 31. Ke3 g5 32. g3 h6 33. Ba8 Be8 34. Be4 Bd7 35. Ba8 Bc6 36. Bxc6 Kxc6 37. h3 Nh5 38. Kf2 f5 39. Kg2 Nf6 40. Kf2 Nd7 41. b3 Nb6 42. a4 Nd7 43. f4 e5 44. fxe5 Nxe5 45. Ke3 Kd6 46. Nb5+ Kd7 47. h4 Nc6 48. hxg5 hxg5 49. Kd3 Ke6 50. Nc7+ Ke5 51. Nd5 Nd4 52. Ke3 Nxb3 53. Ne7 Nd4 54. Nd5 Nc6 55. Nc3 f4+ 56. gxf4+ gxf4+ 57. Kf3 Nd4+ 58. Kf2 Ne6 59. Nb5 Ng5 60. Na7 Kd6 61. Nb5+ Ke6 62. Ke2 Nf7 63. Nc7+ Kd6 64. Nb5+ Ke5 65. Kf3 Ng5+ 66. Ke2 Ne6 67. Na7 Nd4+ 68. Kf2 Ke4 69. Nc8 Kd3 70. Nb6 Kc3 71. Nd5+ Kxc4 72. Nxf4 Kb3 73. Ke3 Kxa4 74. Nd3 Nb3 75. Nb2+ Ka3 76. Nc4+ Kb4 77. Nb6 a4 78. Nd5+ Kc4 79. Nb6+ Kb5 80. Nd5 a3 81. Kd3 c4+ 82. Kc3 a2 83. Nc7+ Kc6 0-1

[Event "FIDE WSTC Open 50 2025"]
[Site "Prague"]
[Date "2025.02.26"]
[Round "9.40"]
[White "Trickov, Vasil"]
[Black "Zielinski, Olgierd"]
[Result "1-0"]
[Annotator "TA"]
[WhiteElo "2301"]
[BlackElo "1897"]
[PlyCount "163"]
[EventDate "2025.02.17"]
[EventType "team-tourn"]
[EventCountry "CZE"]
[SourceTitle "playchess.com"]
[Source "ChessBase"]
[SourceQuality "1"]

1. d4 d5 2. Nf3 Bf5 3. c4 e6 4. Nc3 Nf6 5. Bg5 Bb4 6. Qb3 Nc6 7. e3 h6 8. Bxf6 gxf6 9. cxd5 Qxd5 10. Qxd5 exd5 11. Rc1 O-O-O 12. Nh4 Bh7 13. g3 Rhe8 14. Bh3+ Kb8 15. O-O Na5 16. Bf5 Bxf5 17. Nxf5 Bf8 18. Rc2 Nc6 19. Rfc1 Ne7 20. Nh4 Ng6 21. Ng2 h5 22. h4 c6 23. Ne1 Bd6 24. Nd3 Rg8 25. Kf1 Ne7 26. Ne2 Ng6 27. b4 a6 28. a4 Rc8 29. Nc3 Ne7 30. Ke2 Rge8 31. Kf3 Rh8 32. Rb1 Rhe8 33. Ne2 Ng6 34. Ra2 b6 35. Rc2 Kb7 36. Rbc1 Rh8 37. Nc3 Ne7 38. Rb1 Rcd8 39. Ne2 Ng6 40. Rb3 Rc8 41. Nc5+ Bxc5 42. bxc5 b5 43. Nc1 Rhe8 44. Nd3 Re4 45. Ra2 Rb8 46. axb5 axb5 47. Nb4 Ne7 48. Rba3 Nc8 49. Ra6 Re6 50. Nd3 Re8 51. Ra1 Kc7 52. Kf4 Rh8 53. Nb4 Ne7 54. Ra7+ Kd8 55. R1a6 Rc8 56. Rb6 Rh6 57. Rxe7 Kxe7 58. Nxc6+ Kd7 59. Nb4 Rhh8 60. Rd6+ Ke7 61. Nxd5+ Kf8 62. Rb6 Kg7 63. Rxb5 Ra8 64. Kf3 Ra2 65. Nf4 Rc2 66. Rb7 Ra8 67. Nxh5+ Kf8 68. Nxf6 Raa2 69. Nd7+ Kg7 70. Ne5 Rxf2+ 71. Ke4 Rf1 72. c6 Rc2 73. g4 Kg8 74. g5 Rh1 75. Kd5 Rxh4 76. Nxf7 Rh3 77. Nh6+ Kf8 78. Nf5 Rh5 79. Rb8+ Kf7 80. Nd6+ Kg7 81. Ne4 Kf7 82. Kd6 1-0